How to stay smart in a smart world (Record no. 4663)

MARC details
000 -CABECERA
campo de control de longitud fija 02440nam a22003138i 4500
001 - NÚMERO DE CONTROL
campo de control 990232951940107026
003 - IDENTIFICADOR DEL NÚMERO DE CONTROL
campo de control UkOxU
005 - FECHA Y HORA DE LA ÚLTIMA TRANSACCIÓN
campo de control 20250514095653.0
008 - DATOS DE LONGITUD FIJA--INFORMACIÓN GENERAL
campo de control de longitud fija 221031r20232022enk 000|0|eng|d
020 ## - NÚMERO INTERNACIONAL ESTÁNDAR DEL LIBRO
Número Internacional Estándar del Libro 9780141995045
035 ## - NÚMERO DE CONTROL DEL SISTEMA
Número de control de sistema (UkOxU)023295194
035 ## - NÚMERO DE CONTROL DEL SISTEMA
Número de control de sistema (UkOxU)023295194BIB01
035 ## - NÚMERO DE CONTROL DEL SISTEMA
Número de control de sistema (Uk)020858970
040 ## - FUENTE DE LA CATALOGACIÓN
Centro catalogador/agencia de origen StDuBDS
Lengua de catalogación eng
Normas de descripción rda
Centro/agencia transcriptor StDuBDS
Centro/agencia modificador UkOxU
041 ## - CÓDIGO DE LENGUA
Código de lengua del texto/banda sonora o título independiente eng
050 ## - SIGNATURA TOPOGRÁFICA DE LA BIBLIOTECA DEL CONGRESO
Número de clasificación Q334.7
Número de documento/Ítem .G54 2022
100 ## - ENTRADA PRINCIPAL--NOMBRE DE PERSONA
Nombre de persona Gigerenzer, Gerd
Término indicativo de función/relación author
9 (RLIN) 13137
245 10 - MENCIÓN DE TÍTULO
Título How to stay smart in a smart world
Resto del título : why human intelligence still beats algorithms
Mención de responsabilidad, etc. / Gerd Gigerenzer.
264 #1 - PRODUCCIÓN, PUBLICACIÓN, DISTRIBUCIÓN, FABRICACIÓN Y COPYRIGHT
Producción, publicación, distribución, fabricación y copyright London :
Nombre del de productor, editor, distribuidor, fabricante Penguin Books,
Fecha de producción, publicación, distribución, fabricación o copyright 2023.
300 ## - DESCRIPCIÓN FÍSICA
Extensión vii, 311 pages :
Otras características físicas illustrations (black and white) ;
Dimensiones 20 cm
500 ## - NOTA GENERAL
Nota general Originally published: London: Allen Lane, 2022.
504 ## - NOTA DE BIBLIOGRAFÍA, ETC.
Nota de bibliografía, etc. Includes bibliographical references and index.
505 ## - NOTA DE CONTENIDO CON FORMATO
Nota de contenido con formato Is true love just a click away? — What AI is best at : the stable-world principle — Machines influence how we think of intelligence — Are self-driving cars just down the road? — Common sense AI — One data point can beat big data — Transparency — Sleepwalking into surveillance — The psychology of getting users hooked — Safety and self-control — Fact or fake?
520 ## - SUMARIO, ETC.
Sumario, etc. An essential guide to navigating our data-driven world, from one of the most influential psychologists of the twenty-first century<br/><br/>Is more data always better?<br/>Do algorithms really make better decisions than humans?<br/>Can we stay in control in an increasingly automated world?<br/><br/>Drawing on examples from all spheres of life - media literacy, online dating, self-driving cars, the justice system, health records - Gerd Gigerenzer shows how, when it comes to data and decision making, more isn't always better: when dealing with uncertainty, the elegant and nuanced simplicity of human reasoning beats complex algorithms time and time again.<br/><br/>Filled with practical examples and cutting-edge research, How to Stay Smart in a Smart World examines the growing role of AI at all levels of daily life with refreshing clarity. This book is a liferaft in a sea of information and an urgent invitation to actively shape the digital world in which we want to live.
650 #0 - PUNTO DE ACCESO ADICIONAL DE MATERIA--TÉRMINO DE MATERIA
Término de materia o nombre geográfico como elemento de entrada Artificial intelligence
Subdivisión general Social aspects
9 (RLIN) 25236
650 #0 - PUNTO DE ACCESO ADICIONAL DE MATERIA--TÉRMINO DE MATERIA
Término de materia o nombre geográfico como elemento de entrada Expert systems (Computer science)
Subdivisión general Safety measures
9 (RLIN) 25237
650 #0 - PUNTO DE ACCESO ADICIONAL DE MATERIA--TÉRMINO DE MATERIA
Término de materia o nombre geográfico como elemento de entrada Expert systems (Computer science)
Subdivisión general Risk assessment
9 (RLIN) 25238
942 ## - ELEMENTOS DE ENTRADA AGREGADA (KOHA)
Fuente del sistema de clasificación o colocación Clasificación de Library of Congress
Holdings
Estado de retiro Estado de pérdida Fuente del sistema de clasificación o colocación Estado dañado No para préstamo Biblioteca de origen Biblioteca actual Fecha de adquisición Total de préstamos Signatura topográfica completa Código de barras Fecha visto por última vez Número de copia Precio válido a partir de Tipo de ítem Koha
    Clasificación de Library of Congress     TBS Barcelona TBS Barcelona 14/05/2025   Q334.7 GIG B05813 14/05/2025 1 14/05/2025 Book

Powered by Koha